00490nam a2200169 a 4500001001300000003000900013005001700022008004100039020001000080082001900090245007100109260003400180300000900214500003500223650002100258710004100279nice12345678IN_TiNIC20260116015100.0070913s2003 cola grp 000 0 eng  ac10000a305.40954bSOU aReviving Democracyb The Emerging Role of Women in Decision Making aColombobSouth Asia Pubc2003 a260p aincludes index and biblioraphy aWomen-South Asia2 aSouth Asia Partnership International